LEADER 00911cam2 22002531 450 001 SOBE00034149 005 20130612091250.0 100 $a20130612d1939 |||||ita|0103 ba 101 $aita 102 $aIT 200 0 $a1$fErnesto Kantorowicz 210 $aMilano$cGarzanti$d1939 215 $a279 p.$cill.$d20 cm 461 1$1001SOBE00034148$12001 $aFederico secondo di Svevia / Ernesto Kantorowicz 700 1$aKantorowicz$b, Ernst H.$3A600200026096$4070$0449183 801 0$aIT$bUNISOB$c20130612$gRICA 850 $aUNISOB 852 $aUNISOB$j1|B$m10861|ort 912 $aSOBE00034149 940 $aM 102 Monografia moderna SBN 941 $aW 957 $xFondo|Ortolani$a1|B$b41.$fmodalità di consultazione sulla home page della Biblioteca link Fondi$gNO$d10861|ort$hOrtolaniS$rdono$1calvano123$2UNISOB$3UNISOB$420130620074645.0$520130620074756.0$6calvano123 996 $a1$91714750 997 $aUNISOB LEADER 01995nam 2200361 450 001 996574633303316 005 20231214024959.0 010 $a1-5044-7413-9 035 $a(CKB)4100000011774094 035 $a(NjHacI)994100000011774094 035 $a(EXLCZ)994100000011774094 100 $a20231214d2021 uy 0 101 0 $aeng 135 $aur||||||||||| 181 $ctxt$2rdacontent 182 $cc$2rdamedia 183 $acr$2rdacarrier 200 10$a1901-2020 - IEEE Standard for Broadband over Power Line Networks $eMedium Access Control and Physical Layer Specifications - Redline /$fInstitute of Electrical and Electronics Engineers 210 1$a[Place of publication not identified] :$cIEEE,$d2021. 215 $a1 online resource (2436 pages) 330 $aPhysical (PHY) and media access control (MAC) layers of a broadband powerline communication technology for local area networks (LANs), Smart Energy, Smart Grid, Internet of Things, transportation platforms (vehicle) applications, and other data distribution are defined in this standard. The balanced and efficient use of the power line communications channel by all classes of BPL devices is the main focus of this standard, defining detailed mechanisms for coexistence and interoperability between different BPL devices, and ensuring that desired bandwidth and quality of service may be delivered. The necessary security questions are addressed to ensure the privacy of communications between users and to allow the use of BPL for security sensitive services. 517 $a1901-2020 - IEEE Standard for Broadband over Power Line Networks 606 $aPower (Mechanics) 606 $aPower (Mechanics)$vPeriodicals 615 0$aPower (Mechanics) 615 0$aPower (Mechanics) 676 $a621.042 801 0$bNjHacI 801 1$bNjHacl 906 $aDOCUMENT 912 $a996574633303316 996 $a1901-2020 - IEEE Standard for Broadband over Power Line Networks$93654392 997 $aUNISA